000 00877nam a2200217Ia 4500
999 _c40770
_d40770
001 7409
003 GE_BSU
005 20231129163902.0
008 181216s1939||||ge |||||||||||||| ||geo||
040 _cGE_BSU
041 _ageo
080 _a821.353.1-21 დ-14
100 _aდადიანი, შალვა
_920508
245 _aბარათაშვილი :
_bამძივული ტრაგედია /
_cშალვა დადიანი ; რედ. ალ. მაშაშვილი
264 _aთბილისი :
_bსახელგამი,
_c1939.
300 _a135 გვ. ;
_c17 სმ.
653 _aამძივული ტრაგედია
653 _aბარათაშვილი ნიკოლოზ
700 _aმაშაშვილი, ალ.
_eრედაქტორი
_920509
942 _cBK
_2udc